Movies Quiz

Random Movies or Pixar Quiz

Disney Pixar Movie Character Quotes Quiz Stats

Quiz not verified by Sporcle

Challenge
Share
Tweet
Embed
Score 0/42 Timer 10:00
0 Plays Today
Quote Character % Correct
Honey, where's my super suit?Frozone
88.6%
To infinity and beyondBuzz Lightyear
84.8%
Just keep swimming, just keep swimmingDory
78.5%
EVA!Wall-E
78.5%
I promise, i'll never let anything happen to you...NemoMarlin
74.7%
Dad, have you ever met a shark?Nemo
74.7%
Congratulations San Francisco you ruined pizza, first the Hawaiians and now you!Anger
67.1%
I'll send you a postcard from Paradise Falls!Carl Fredricksen
67.1%
No, Buzz. I AM your father!Emperor Zurg
67.1%
Kitty?Boo
65.8%
These are Riley's memories, and they're mostly happy you'll notice not to bragJoy
65.8%
The claaaaaaaaaaaaaaaw!Aliens
64.6%
Somebody's poisoned the waterhole!Woody
63.3%
Put that thing back where it came from or so help me!Michael Wazowski
63.3%
You never forget kids like Emily or Andy, but they forget youJessie
62%
Ants don't need you, it's you who need us!Flik
62%
Kitty has to goJames P. Sullivan
60.8%
I am a Wilderness Explorer in Tribe 54, Sweat Lodge 12Russell
59.5%
What are you talking about? YOU ARE ELASTIGIRL!Edna Mode
57%
You too can look like me, Ka-chowLightning Mcqueen
55.7%
I'm watching you Wazowski, always watchingRoz
53.2%
Quote Character % Correct
I have just met you and I love you!Dug
50.6%
Some say fate is beyond our command, but I know better, our fate is within usPrincess Merida
48.1%
They come they eat they leave, they come they eat they leavePrincess Atta
46.8%
That is not brightly colored or shaped like a dinosaur, hold on you guys, it's broccoli!Disgust
46.8%
How dare you cook in my kitchen!Chef Skinner
43%
Are you saying i'm stupid? Do I look stupid to you?Hopper
41.8%
Reliving the glory days is better than acting like it never happenedMr Incredible
40.5%
Sushi! Sushi! You think this is about sushi?Celia
39.2%
You've got a play date with destinyLotso-Hugging Bear
36.7%
Do you hear that? That's the winds of changeRandall Boggs
36.7%
Pit stopGuido
35.4%
If you're not scary, what kind of a monster are you?Dean Hardscrabble
32.9%
DirectiveEva
31.6%
Let go off me you lousy lying unfaithful creepElastigirl
31.6%
I'm just kidding, she just wants me for my bodyTow Mater
31.6%
Not everyone can be an artist, but an artist can come from anywhereAnton Ego
27.8%
Goodbye friendship, hello lonelinessSadness
26.6%
I'm done being scaredArlo
25.3%
If no one wants it why are we stealing it!?Remy
24.1%
We did not die today, I call that an unqualified successFear
21.5%
If you ain't scared, you ain't aliveButch
13.9%

You're not logged in!

Compare scores with friends on all Sporcle quizzes.
Join for Free
OR
Log In

You Might Also Like...

Show Comments

Extras

Top Quizzes Today


Score Distribution

Your Account Isn't Verified!

In order to create a playlist on Sporcle, you need to verify the email address you used during registration. Go to your Sporcle Settings to finish the process.

Report this User

Report this user for behavior that violates our Community Guidelines.

Details: